Finance and Development, September 2004.

This paper highlights that for the IMF, July 2004 marked the 60th anniversary of the conference in Bretton Woods, New Hampshire, when delegations from 44 allied countries drafted and agreed upon the IMF's charter. The IMF's role and work have evolved in response, but like any large organiz...

Descrición completa

Detalles Bibliográficos
Autor Corporativo: International Monetary Fund. External Relations Dept
Formato: Revista
Idioma:English
Publicado: Washington, D.C. : International Monetary Fund, 2004.
Series:Finance and Development; Finance and Development ; No. 0041/003
Acceso en liña:Full text available on IMF
LEADER 01572cas a2200229 a 4500
001 AALejournalIMF008187
008 230101c9999 xx r poo 0 0eng d
020 |z 9781451922530 
022 |a 0145-1707 
040 |a BD-DhAAL  |c BD-DhAAL 
110 2 |a International Monetary Fund.  |b External Relations Dept. 
245 1 0 |a Finance and Development, September 2004. 
264 1 |a Washington, D.C. :  |b International Monetary Fund,  |c 2004. 
300 |a 1 online resource (58 pages) 
490 1 |a Finance and Development 
500 |a <strong>Off-Campus Access:</strong> No User ID or Password Required 
500 |a <strong>On-Campus Access:</strong> No User ID or Password Required 
506 |a Electronic access restricted to authorized BRAC University faculty, staff and students 
520 3 |a This paper highlights that for the IMF, July 2004 marked the 60th anniversary of the conference in Bretton Woods, New Hampshire, when delegations from 44 allied countries drafted and agreed upon the IMF's charter. The IMF's role and work have evolved in response, but like any large organization, its ability to change has been limited by its own rules and mandate and has been held back by inertia. This year's anniversary offers an opportunity to reflect on how gaps between the reality and the ideal might be closed in the coming years. 
538 |a Mode of access: Internet 
830 0 |a Finance and Development; Finance and Development ;  |v No. 0041/003 
856 4 0 |z Full text available on IMF  |u http://elibrary.imf.org/view/journals/022/0041/003/022.0041.issue-003-en.xml  |z IMF e-Library